| 000 | 01172nam a2200229Ia 4500 | ||
|---|---|---|---|
| 003 | Ost | ||
| 005 | 20260507075651.0 | ||
| 008 | 260507s9999||||xx |||||||||||||| ||und|| | ||
| 040 | _cfsecg | ||
| 041 | _aara | ||
| 082 | _a346.048 | ||
| 100 |
_aزين الدين، صلاح _eمؤلف |
||
| 245 | 0 |
_aالمدخل الى الملكية الفكرية : _bنشأتها ومفهومها ونطاقها وأهميتها / _c صلاح زين الدين |
|
| 260 |
_aعمان: _bدار الثقافة للنشر والتوزيع, _c2004 |
||
| 300 |
_a292 صفحة؛ _bإيضاحات ؛ _c24 سم |
||
| 504 | _aالملاحق ص.225 | ||
| 520 | _aنشأة ومفهوم ونطاق الحقوق الفكرية- أهميتة الحقوق الفكرية- حماية الحقوق الفكرية- التكييف القانوني للحقوق الفكرية- التنظيم القانوني للحقوق الفكرية- تحديث قوانين الحقوق الفكرية- النهوض بالإبداع العربي. | ||
| 653 | _aالتكييف القانوني | ||
| 653 | _aالملكية الفكرية | ||
| 653 | _aحقوق التأليف والنشر | ||
| 942 | _cكتاب | ||
| 999 |
_c45609 _d45609 |
||